000 00673nam a22002177a 4500
999 _c20825
_d20825
003 AR-CdUCM
008 190329b ||||| |||| 00| 0 spa d
040 _aMUNICIPALIDAD PROVINCIAL DEL CUSCO
_cBIBLIOTECA MUNICIPAL DEL CUSCO
082 _a869.53 /
_bD48
100 _aDelgado, Washington
_91113
245 _aLa honra villana en el teatro de Lope de Vega /
260 _aLima :
_bUNMSM,
_c1962.
300 _a26 páginas ;
_c25 cm.
440 _aUNMSM.
_nSeparata de la revista letras 68-69
_943501
505 _aContenido : Teatro.
650 _aTeatro
_9173
650 _aContemporáneo
_9512
650 _aLiteratura
_983
942 _2ddc
_cLIBROS
945 _arcc